Formes de Pokémon aléatoires - Gen 3 - Statistiques

Statistiques générales
  • Ce quiz a été pris 685 fois
  • Le résultat moyen est 16 sur 20
Statistiques - réponses
Par images Réponse % Correct
Négapi
99%
Braségali
98%
Latios
97%
Absol
96%
Posipi
96%
Sharpedo
96%
Gardevoir
95%
Poussifeu
95%
Latias
94%
Gobou
93%
Mangriff
92%
Rayquaza
92%
Registeel
92%
Groudon
91%
Kyogre
91%
Nénupiot
91%
Obalie
91%
Tarsal
91%
Ténéfix
91%
Deoxys
90%
Solaroc
90%
Dynavolt
89%
Goélise
89%
Jirachi
89%
Kraknoix
89%
Métalosse
89%
Regirock
89%
Arcko
88%
Drattak
88%
Skitty
88%
Écrapince
87%
Lombre
86%
Spoink
86%
Wailord
86%
Zigzaton
86%
Altaria
85%
Cacnéa
85%
Galekid
85%
Galeking
85%
Nirondelle
85%
Pifeuil
85%
Stalgamin
85%
Branette
84%
Cacturne
84%
Draby
84%
Gloupti
84%
Jungko
84%
Kirlia
84%
Méditikka
84%
Monaflémit
84%
Morphéo
84%
Rosélia
84%
Békipan
83%
Chartor
83%
Grahyéna
83%
Ninjask
83%
Parecool
83%
Regice
83%
Tropius
83%
Balignon
82%
Chenipotte
82%
Galifeu
82%
Terhal
82%
Kaimorse
81%
Medhyéna
81%
Milobellus
81%
Camérupt
80%
Chapignon
80%
Héledelle
80%
Oniglali
80%
Munja
79%
Relicanth
79%
Arakdo
78%
Élecsprint
78%
Laggron
78%
Massko
78%
Polichombr
78%
Séviper
78%
Chuchmur
77%
Kecleon
77%
Libégon
77%
Ludicolo
77%
Linéon
76%
Ramboum
76%
Armulys
75%
Barbicha
75%
Barloche
75%
Brouhabam
75%
Lovdisc
75%
Métang
75%
Avaltout
74%
Chamallot
74%
Delcatty
74%
Éoko
74%
Mysdibule
74%
Charmina
73%
Coquiperl
73%
Galegon
73%
Tarinor
73%
Tylton
73%
Charmillon
72%
Tengalice
72%
Wailmer
72%
Balbuto
71%
Carvanha
71%
Flobio
71%
Hariyama
71%
Séléroc
71%
Skélénox
71%
Vigoroth
71%
Blindalys
70%
Makuhita
70%
Serpang
70%
Azurill
69%
Grainipiot
69%
Papinox
69%
Okéoké
68%
Maskadra
67%
Phogleur
67%
Téraclope
67%
Barpau
66%
Kaorine
65%
Spinda
65%
Anorith
63%
Armaldo
63%
Drackhaus
63%
Ningale
62%
Lilia
61%
Muciole
61%
Groret
59%
Vibraninf
59%
Lumivole
58%
Colhomard
57%
Rosabyss
57%
Vacilys
57%
Aucun quiz correspondant
Distribution des résultats
% des personnes avec chaque résultat
Percentile par nombre de réponses
Votre historique - résultats
Vous n’avez pas pris ce quiz